Principios de derecho político: introducción
Tallennettuna:
| Päätekijä: | |
|---|---|
| Aineistotyyppi: | Kirja |
| Kieli: | espanja |
| Julkaistu: |
Madrid
Revista de Legislación
1884
|
| Sarja: | Biblioteca Jurídica de Autores Españoles
|
| Aiheet: | |
| Tagit: |
Lisää tagi
Ei tageja, Lisää ensimmäinen tagi!
|
MARC
| LEADER | 00000nam a2200000 a 4500 | ||
|---|---|---|---|
| 001 | UCT9770 | ||
| 003 | CL-VaPUC | ||
| 008 | 970411e18840000SP |||||||||||||||||spa|d | ||
| 082 | 0 | 4 | |a 320.011 |b POS |2 21 |
| 100 | 0 | |a Posada, Adolfo |e author |9 382763 | |
| 245 | 1 | 0 | |a Principios de derecho político: introducción |
| 300 | |a 350 p | ||
| 942 | |c BK | ||
| 945 | |d 19970411 00:00:00 |a paguirre | ||
| 260 | |a Madrid |b Revista de Legislación |c 1884 | ||
| 650 | 0 | |a Ciencias Políticas |9 255201 | |
| 650 | 0 | |a Derecho político |9 257756 | |
| 650 | 7 | |a FILOSOFIA POLITICA |2 CL-VaPUC |9 382764 | |
| 650 | 7 | |a TEORIA POLITICA |2 CL-VaPUC |9 382765 | |
| 650 | 0 | |a Sociedad |9 307903 | |
| 650 | 0 | |a Estado |9 255503 | |
| 583 | |a last modification |c 19970411 00:00:00 |k Rodrigo Vera | ||
| 490 | 0 | |a Biblioteca Jurídica de Autores Españoles | |
| 999 | |c 258149 |d 258147 | ||
| 952 | |0 0 |1 0 |4 0 |6 320_011000000000000_POS_1884 |7 0 |8 X |9 281992 |a BIBDER |b BIBDER |d 2019-11-19 |i 1829882 |o 320.011 POS 1884 |p 1829882 |r 2023-01-25 |w 2019-11-19 |y BK_X |k DER | ||